00486 2200181 4500001002100000005001500021008004100036020001800077035001900095041000700114082001000121090001400131100001900145245003900164260003500203300002300238650004300261INLIS00000000001740120241224115314241224||||||||| | ||| |||| || |  a979-489-101-0 0010-1224017401 aid0 a634.5 a634.5 BUD0 aTim Penulis PS00aBudi Daya & Prospek Bisnis BEKICOT aJakartabPenebar Swadayac2008 aviii+94hlm;14x21cm 0aPertanian Dan Teknologi Yang Berkaitan